00289nam a2200121Ia 4500008004100000041000900041082001700050100001700067245003100084260003600115300000800151650000800159230718s9999 xx 000 0 und d aEng. a340.2bMUJ-J aMujahid, V.D 0aJurisPrudence Legal Theory aPakistanbPunjab Law Bookc2016 a740 aLaw